000 00733nam a22002171c 4500
001 a987690162
008 180727s1999 gw |||| 000u rus d
020 _a9667355349
_9966-7355-34-9
041 _arus
245 0 0 _aOčerki istorii nemcev i mennonitov Juga Ukrainy (konec XVIII - pervaja polovina XIX veka)
264 _aDnepropetrovsk :
_bArt-Press,
_c1999
300 _a230 Seiten
650 0 _aDeutsche
650 0 _aMennoniten
651 0 _aDnipropetrowsk (Region)
700 1 _aBobyleva, Svetlana Iosifovna
_eHerausgeberIn
710 2 _aDnipropetrovs'kyj nacional'nyj universytet imeni Olesja Honcara / Zentr ukraïnsko-nimez'kych naukovuch doslidžen'
942 _cMG
040 _cRU-10907106
003 RU-10907106
999 _c50437
_d50437